|
|
|
|
| LEADER |
00000nam a22000007a 4500 |
| 005 |
20220720013227.0 |
| 007 |
cr|||| |||| |
| 008 |
220720s2018 br |||||s|||| 00||0 por d |
| 020 |
|
|
|a 978-85-93741-27-2
|
| 035 |
|
|
|a 36758
|
| 040 |
|
|
|a vLex
|
| 090 |
|
|
|c 13620
|d 13620
|
| 100 |
1 |
|
|a de Moraes Mello, Cleyson
|
| 245 |
1 |
0 |
|a Direito Constitucional
|h [Recurso electrn̤ico] /
|c Cleyson de Moraes Mello, Guilherme Sandoval Ge̤s
|
| 256 |
|
|
|a Servicio en ln̕ea
|
| 260 |
|
|
|a Rio de Janeiro:
|b Editora Processo,
|c 2018
|
| 300 |
|
|
|a 1 recurso electrn̤ico
|
| 500 |
|
|
|a O direito constitucional contemporńeo vem passando por momentos de transformaė̳s paradigmt̀icas, devido especialmente ao decln̕io do positivismo jurd̕ico e a ascensô do neoconstitucionalismo ps̤-positivista. Com efeito, a cada dia que passa novos elementos hermenůticos sô incorporados ̉interpretaȯ̂ constitucional hodierna, na busca de seu desiderato maior, qual seja: reaproximar o direito da ťica a partir da forȧ normativa dos princp̕ios constitucionais, cuja efetividade ou eficc̀ia social se consolida com a harmonizaȯ̂ entre o texto da lei e o sentimento constitucional de justiȧ. Foi nesse sentido que a presente obra acadm̊ica procurou, sem descurar de todos os elementos da teoria constitucional tradicional, trazer para a reflexô do leitor a perspectiva neoconstitucionalista. Para tanto, apresenta, dentre outros, a teoria ps̤-positivista da eficc̀ia das normas constitucionais, o estudo detalhado da dignidade da pessoa humana e a estrutura normativa tridimensional da norma constitucional, elementos que definem vertentes novas no constitucionalismo por descortinar ̉reflexô acadm̊ica a mt︢ua influn̊cia do Direito e da Ética.
|
| 506 |
1 |
|
|a Disponible solo en los productos indicados
|d vLex Global
|d vLex Global (Academic Edition, excluding Law Schools)
|d vLex Global (U.S. Academic Edition, Law Schools)
|d vLex Global (U.S. Academic Edition, excluding Law Schools)
|d vLex Global (Academic Edition, Law Schools)
|
| 650 |
0 |
4 |
|a Derecho Constitucional
|z Brasil
|
| 700 |
1 |
|
|a Sandoval Ge̤s, Guilherme
|
| 740 |
0 |
|
|a vLex Libros (Servicio en ln̕ea)
|
| 856 |
4 |
0 |
|u https://app.vlex.com/#/sources/36758
|z Acceso restringido
|
| 942 |
|
|
|c BOOK
|
| 999 |
0 |
|
|a Constitutional right
|